La economía de la vida cotidiana /

Guardado en:
Autor Principal: Williams, Gertrude
Formato: Libro
Publicado: Buenos Aires : Eudeba, 0
Materias:
Etiquetas: Agregar Etiqueta
Sin Etiquetas, Sea el primero en etiquetar este registro!
LEADER 01209nam a22002295a 4500
001 CEM.cems006684
005 20060214000000.0
008 130507b######################000#0#####d
003 CEMS
082 0 4 |a 330 
100 1 |a Williams, Gertrude 
245 1 0 |a La economía de la vida cotidiana / 
260 |a Buenos Aires :  |b Eudeba, 0 
300 |a 343 p. 
505 0 |a Nociónes generales de economia; valor, precio, utilidad y demanda; plan de consumo y demanda; plan de producción y oferta; mercados: reglas, clasificación, actividades; la agregación en la economia: producción bruta y producto, proceso de formación del valor agregado, producto interno y producto naciónal; categorias económicas; el dinero y las entidades financieras; mercados de trabajo, de tierras, de capitales y de cambios; política económica; evolución histórica del pensamiento economico; doctrinas económicas contemporaneas y nuevos enfoques en el estudio de la economia 
653 |a Dinero 
653 |a Economia 
653 |a Economia e industria 
653 |a Mercado 
653 |a Precio 
859 |a CEMS  |b BIB. CEMS - 11 de abril  |h 330  |i W672  |p 650.73  |t Ej.1 
859 |a CEMS  |b BIB. CEMS - 11 de abril  |h 330  |i W672  |p 651.73  |t Ej.2